[Event "SUI-chT"]
[Site "Switzerland"]
[Date "2019.10.19"]
[Round "8.8"]
[White "Umbach, Andreas"]
[Black "Gantner, Matthias"]
[Result "1/2-1/2"]
[WhiteElo "2288"]
[BlackElo "2291"]
[PlyCount "83"]
[EventDate "2019.03.10"]
[EventType "team-tourn"]
[EventRounds "9"]
[EventCountry "SUI"]
[SourceTitle "CBM 192 Extra"]
[Source "Chessbase"]
[SourceDate "2019.11.06"]
[SourceVersion "1"]
[SourceVersionDate "2019.11.06"]
[SourceQuality "1"]
[WhiteTeam "Wollishofen"]
[BlackTeam "Reti"]
[WhiteTeamCountry "SUI"]
[BlackTeamCountry "SUI"]

1. e4 d6 2. d4 Nf6 3. Nc3 e5 4. Nf3 Nbd7 5. Bc4 Be7 6. 0-0 0-0 7. Re1 c6 8. a4 a5 9. Ba2 exd4 10. Nxd4 Nc5 11. Bf4 Be6 12. Bxe6 fxe6 13. e5 Ne8 14. Bg3 d5 15. Qg4 Nc7 16. Nce2 Bg5 17. Bf4 Bxf4 18. Nxf4 Qd7 19. Ra3 Ne4 20. Rh3 c5 21. f3 cxd4 22. fxe4 dxe4 23. Nh5 Nd5 24. Qxe4 g6 25. Nf6+ Nxf6 26. exf6 Rxf6 27. Rb3 Raf8 28. Rxb7 Qxa4 29. b3 Qe8 30. Qxd4 Qc6 31. Qa7 R6f7 32. Rxf7 Rxf7 33. Qb8+ Rf8 34. Qe5 Qxc2 35. Qxe6+ Kg7 36. h3 Qc5+ 37. Kh1 Rf7 38. Kh2 Qc7+ 39. Kh1 Qc5 40. Rd1 Re7 41. Rd7 Rxd7 42. Qxd7+ 1/2-1/2

[Event "SUI-chT"]
[Site "Switzerland"]
[Date "2018.04.29"]
[Round "3.5"]
[White "Vogt, Lothar"]
[Black "Gantner, Matthias"]
[Result "1/2-1/2"]
[WhiteElo "2422"]
[BlackElo "2280"]
[PlyCount "124"]
[EventDate "2018.03.25"]
[EventType "team-tourn"]
[EventRounds "9"]
[EventCountry "SUI"]
[SourceTitle "EXT 2019"]
[Source "ChessBase"]
[SourceDate "2018.10.10"]
[SourceVersion "1"]
[SourceVersionDate "2018.10.10"]
[SourceQuality "1"]
[WhiteTeam "Zuerich"]
[BlackTeam "Reti"]
[WhiteTeamCountry "SUI"]
[BlackTeamCountry "SUI"]

1. e4 c5 2. Nf3 d6 3. d4 cxd4 4. Nxd4 Nf6 5. Nc3 a6 6. Bg5 Nbd7 7. Be2 b5 8. a4 b4 9. Nd5 Bb7 10. Bf3 e5 11. Nf5 Bxd5 12. exd5 h6 13. Bxf6 Qxf6 14. Ne3 g6 15. Qd2 Rb8 16. 0-0 Bg7 17. Nc4 0-0 18. Na5 e4 19. Bxe4 Qxb2 20. Nc6 Rb7 21. Rab1 Qc3 22. Qxc3 Bxc3 23. a5 Nc5 24. Bf3 Re8 25. Rfd1 Rb5 26. Kf1 b3 27. cxb3 Nxb3 28. Kg1 Nxa5 29. g3 Nb7 30. Rbc1 Bf6 31. Re1 Rxe1+ 32. Rxe1 Nc5 33. Re8+ Kg7 34. Ra8 Rb1+ 35. Kg2 Bc3 36. Ra7 Rb7 37. Rxb7 Nxb7 38. Kf1 a5 39. Be2 a4 40. Bc4 f5 41. Ke2 Nc5 42. Na7 Nd7 43. Nb5 Bb4 44. Nd4 Nb6 45. Ba2 Kf6 46. Nc6 Bc5 47. f4 a3 48. h3 g5 49. Na5 g4 50. hxg4 fxg4 51. Nc4 Nxd5 52. Nxd6 Bxd6 53. Bxd5 Bxf4 54. gxf4 h5 55. Ba2 h4 56. Bb1 h3 57. Kf2 h2 58. Kg2 g3 59. f5 Ke5 60. Kh1 Kf6 61. Kg2 Kg5 62. Kh1 Kf6 1/2-1/2

[Event "BCF-chT1c 1617 (4NCL) Promotion pool"]
[Site "England"]
[Date "2017.03.05"]
[Round "8.37"]
[White "Jackson, James P"]
[Black "Gantner, Matthias"]
[Result "1/2-1/2"]
[WhiteElo "2290"]
[BlackElo "2287"]
[PlyCount "94"]
[EventDate "2016.11.19"]
[EventType "team-tourn"]
[EventRounds "4"]
[EventCountry "ENG"]
[SourceTitle "EXT 2018"]
[Source "ChessBase"]
[SourceDate "2017.10.13"]
[SourceVersion "1"]
[SourceVersionDate "2017.10.13"]
[SourceQuality "1"]
[WhiteTeam "Barbican"]
[BlackTeam "White Rose"]
[WhiteTeamCountry "ENG"]
[BlackTeamCountry "ENG"]

1. e4 e6 2. d4 d5 3. Nc3 Bb4 4. e5 c5 5. a3 Bxc3+ 6. bxc3 Ne7 7. Qg4 0-0 8. Bd3 f5 9. exf6 Rxf6 10. Bg5 Rf7 11. Qh5 g6 12. Qd1 e5 13. dxe5 Nbc6 14. Nf3 Bg4 15. Be2 Bxf3 16. Bxf3 Nxe5 17. Be2 Qd6 18. 0-0 N5c6 19. Qd2 Raf8 20. Rad1 Qe6 21. Rde1 Qd7 22. Bb5 Nc8 23. Qe3 c4 24. Rd1 Qf5 25. Bh6 d4 26. cxd4 Qxb5 27. Bxf8 Kxf8 28. d5 N6e7 29. Qe6 Nb6 30. d6 Ned5 31. Qe5 Kg8 32. a4 Qc6 33. a5 Nf4 34. f3 Nd7 35. Qe8+ Kg7 36. Qe3 Qc5 37. Rfe1 Qxe3+ 38. Rxe3 b5 39. axb6 Nxb6 40. Re7 Rxe7 41. dxe7 Kf7 42. Ra1 Nc8 43. Ra4 Nd5 44. Rxc4 Ndxe7 45. Kf2 Ke6 46. Ke3 Nd6 47. Rc5 Nb7 1/2-1/2

[Event "GRB-ch Universities"]
[Site "Birmingham"]
[Date "2017.02.25"]
[Round "3.1"]
[White "Gantner, Matthias"]
[Black "Manghiuc, Bogdan Adrian"]
[Result "1-0"]
[WhiteElo "2296"]
[BlackElo "1897"]
[PlyCount "95"]
[EventDate "2017.02.25"]
[EventType "team-swiss"]
[EventRounds "5"]
[EventCountry "ENG"]
[SourceTitle "CBM 177 Extra"]
[Source "ChessBase"]
[SourceDate "2017.04.27"]
[SourceVersion "1"]
[SourceVersionDate "2017.04.27"]
[SourceQuality "1"]
[WhiteTeam "Leeds"]
[BlackTeam "Bristol"]
[WhiteTeamCountry "ENG"]
[BlackTeamCountry "ENG"]

1. e4 c5 2. Nf3 d6 3. d4 cxd4 4. Nxd4 Nf6 5. Nc3 a6 6. Bg5 e6 7. f4 Be7 8. Qf3 Nbd7 9. 0-0-0 Qc7 10. g4 h6 11. Bxf6 Bxf6 12. h4 Qb6 13. Nb3 Qc7 14. e5 dxe5 15. g5 Be7 16. f5 e4 17. Qxe4 Nb6 18. fxe6 Bxe6 19. g6 Qc6 20. gxf7+ Bxf7 21. Qe3 0-0 22. Bd3 Bf6 23. Ne4 Na4 24. Nxf6+ Qxf6 25. c3 Rac8 26. Bc2 Bg6 27. Bxg6 Qxg6 28. Rhg1 Qf6 29. Rd7 Rf7 30. Rxf7 Kxf7 31. Kb1 b5 32. Nd4 Kg8 33. Qe6+ Qxe6 34. Nxe6 Kf7 35. Nd4 Nc5 36. h5 Ne4 37. Kc2 Rc5 38. Re1 Nf6 39. Re6 a5 40. Rb6 b4 41. Rb7+ Kg8 42. Ne6 Rxh5 43. Rxg7+ Kh8 44. Rb7 bxc3 45. bxc3 Re5 46. Nf4 Rf5 47. Ng6+ Kg8 48. Ne7+ 1-0

[Event "BCF-chT1b 1617 (4NCL)"]
[Site "England"]
[Date "2017.01.15"]
[Round "4.66"]
[White "Gantner, Matthias"]
[Black "Gallagher, Daniel GH"]
[Result "1/2-1/2"]
[WhiteElo "2287"]
[BlackElo "2122"]
[PlyCount "48"]
[EventDate "2016.11.19"]
[EventType "team-tourn"]
[EventRounds "7"]
[EventCountry "ENG"]
[SourceTitle "EXT 2018"]
[Source "ChessBase"]
[SourceDate "2017.10.13"]
[SourceVersion "1"]
[SourceVersionDate "2017.10.13"]
[SourceQuality "1"]
[WhiteTeam "White Rose"]
[BlackTeam "Anglian Avengers"]
[WhiteTeamCountry "ENG"]
[BlackTeamCountry "ENG"]

1. e4 c5 2. Nf3 d6 3. d4 cxd4 4. Nxd4 Nf6 5. Nc3 a6 6. Bg5 e6 7. f4 Be7 8. Qf3 Qc7 9. 0-0-0 Nbd7 10. g4 b5 11. Bxf6 Nxf6 12. g5 Nd7 13. f5 0-0 14. Rg1 b4 15. Nce2 e5 16. f6 exd4 17. fxe7 Re8 18. Nxd4 Ne5 19. Qb3 Qc5 20. Bh3 Rxe7 21. Kb1 Bxh3 22. Qxh3 g6 23. Nb3 Qc6 24. Qg3 Rc8 1/2-1/2

[Event "Leaminton County-ch"]
[Site "Leamington Spa"]
[Date "2016.07.02"]
[Round "1.5"]
[White "Gantner, Matthias"]
[Black "Stanisz, Patryk"]
[Result "1-0"]
[WhiteElo "2287"]
[BlackElo "2093"]
[PlyCount "79"]
[EventDate "2016.07.02"]
[EventType "team-match"]
[EventRounds "1"]
[EventCountry "ENG"]
[SourceTitle "CBM 173 Extra"]
[Source "ChessBase"]
[SourceDate "2016.08.29"]
[SourceVersion "1"]
[SourceVersionDate "2016.08.29"]
[SourceQuality "1"]
[WhiteTeam "Yorkshire"]
[BlackTeam "Middlesex"]
[WhiteTeamCountry "ENG"]
[BlackTeamCountry "ENG"]

1. e4 c5 2. Nf3 Nc6 3. d4 cxd4 4. Nxd4 Nf6 5. Nc3 e5 6. Ndb5 d6 7. Bg5 a6 8. Na3 b5 9. Bxf6 gxf6 10. Nd5 Bg7 11. g3 Ne7 12. Bg2 0-0 13. c3 Bb7 14. Nxe7+ Qxe7 15. 0-0 f5 16. exf5 d5 17. Qg4 Rad8 18. Rad1 Kh8 19. Nc2 Rg8 20. Rfe1 Bf6 21. Qb4 Qd7 22. a4 Be7 23. Qb3 bxa4 24. Qb6 Bc6 25. Rxe5 Rb8 26. Qe3 Bf6 27. Nb4 Ba8 28. Nxd5 Rxb2 29. Re1 Bxd5 30. Rxd5 Qc7 31. Rc5 Qd7 32. Rc6 Bd8 33. Rxa6 Qxf5 34. Qd4+ f6 35. Rd6 Rb1 36. Rf1 Rxf1+ 37. Bxf1 Be7 38. Rd7 Bc5 39. Bd3 Qxd7 40. Qxd7 1-0

[Event "BCF-chT1a 1516 (4NCL)"]
[Site "England"]
[Date "2016.03.19"]
[Round "7.111"]
[White "Gantner, Matthias"]
[Black "Howell, David"]
[Result "0-1"]
[WhiteElo "2255"]
[BlackElo "2693"]
[PlyCount "50"]
[EventDate "2015.11.14"]
[EventType "team-tourn"]
[EventRounds "7"]
[EventCountry "ENG"]
[SourceTitle "CBM 171 Extra"]
[Source "ChessBase"]
[SourceDate "2016.04.26"]
[SourceVersion "1"]
[SourceVersionDate "2016.04.26"]
[SourceQuality "1"]
[WhiteTeam "White Rose II"]
[BlackTeam "Cheddleton"]
[WhiteTeamCountry "ENG"]
[BlackTeamCountry "ENG"]

1. e4 e5 2. f4 exf4 3. Nf3 h6 4. d4 g5 5. Nc3 Bg7 6. g3 fxg3 7. hxg3 d6 8. Be3 Bg4 9. Qe2 Nc6 10. 0-0-0 Qd7 11. Bg2 0-0-0 12. Qc4 a6 13. Rd3 f5 14. e5 d5 15. Qa4 Nge7 16. b4 Kb8 17. b5 axb5 18. Nxb5 Nc8 19. Nd2 Nb6 20. Qb3 Be2 21. Kb1 Rhe8 22. Ka1 Bxd3 23. cxd3 Nxe5 24. dxe5 Rxe5 25. Bd4 Re2 0-1

[Event "BCF-chT1b 1516 (4NCL)"]
[Site "England"]
[Date "2016.01.24"]
[Round "4.186"]
[White "Gantner, Matthias"]
[Black "Yanayt, Eugene"]
[Result "1-0"]
[WhiteElo "2255"]
[BlackElo "2222"]
[PlyCount "87"]
[EventDate "2015.11.14"]
[EventType "team-swiss"]
[EventRounds "11"]
[EventCountry "ENG"]
[SourceTitle "CBM 170 Extra"]
[Source "ChessBase"]
[SourceDate "2016.02.25"]
[SourceVersion "1"]
[SourceVersionDate "2016.02.25"]
[SourceQuality "1"]
[WhiteTeam "White Rose"]
[BlackTeam "Cambridge"]
[WhiteTeamCountry "ENG"]
[BlackTeamCountry "ENG"]

1. e4 e6 2. d4 d5 3. Nc3 Nf6 4. Bg5 Be7 5. e5 Nfd7 6. h4 f6 7. exf6 Nxf6 8. Bd3 0-0 9. Nf3 c5 10. dxc5 Nc6 11. Qe2 Nb4 12. 0-0-0 Qa5 13. a3 Nxd3+ 14. Rxd3 Bxc5 15. Ne5 b5 16. Rf3 b4 17. Nc6 Qb6 18. axb4 Qxc6 19. bxc5 Ba6 20. Qe3 Nd7 21. Be7 Rxf3 22. gxf3 e5 23. Rg1 Kh8 24. Bd6 Rg8 25. Bxe5 Nxe5 26. Qxe5 Qxc5 27. Ne4 Qf8 28. Ng5 h6 29. Qe6 Qf6 30. Qxf6 gxf6 31. Nf7+ Kh7 32. Rxg8 Kxg8 33. Nxh6+ Kg7 34. Nf5+ Kf7 35. Kd2 Ke6 36. Nd4+ Ke7 37. Ke3 Bc8 38. Ne2 Kd6 39. Kd4 Bf5 40. c3 Be6 41. Nf4 Bg8 42. h5 Kc6 43. h6 Kd6 44. Ng6 1-0

[Event "Zuerich op-A 39th"]
[Site "Zuerich"]
[Date "2015.12.28"]
[Round "4"]
[White "Gantner, Matthias"]
[Black "Studer, Noel"]
[Result "0-1"]
[WhiteElo "2274"]
[BlackElo "2404"]
[PlyCount "56"]
[EventDate "2015.12.26"]
[EventType "swiss"]
[EventRounds "7"]
[EventCountry "SUI"]
[SourceTitle "CBM 170 Extra"]
[Source "ChessBase"]
[SourceDate "2016.02.25"]
[SourceVersion "1"]
[SourceVersionDate "2016.02.25"]
[SourceQuality "1"]

1. e4 e6 2. d4 d5 3. Nc3 Nf6 4. e5 Nfd7 5. Nf3 c5 6. dxc5 Nc6 7. Bf4 Nxc5 8. Qd2 a6 9. 0-0-0 b5 10. Qe3 Bd7 11. Ne2 Na5 12. b3 Ne4 13. Nfd4 g5 14. Bg3 Qb6 15. Nc3 Nc4 16. Bxc4 Nxc3 17. Qxc3 bxc4 18. Qe3 Bc5 19. f4 a5 20. bxc4 dxc4 21. Rhf1 Rb8 22. Qc3 0-0 23. fxg5 Ba4 24. Rf4 Rfd8 25. Bf2 Ba3+ 26. Qxa3 Qb1+ 27. Kd2 Qxc2+ 28. Ke3 Qxd1 0-1

[Event "BCF-chT1b 1516 (4NCL)"]
[Site "England"]
[Date "2015.11.15"]
[Round "2.187"]
[White "Gantner, Matthias"]
[Black "Zeidler, Sven P"]
[Result "1-0"]
[WhiteElo "2255"]
[BlackElo "2160"]
[PlyCount "71"]
[EventDate "2015.11.14"]
[EventType "team-swiss"]
[EventRounds "11"]
[EventCountry "ENG"]
[SourceTitle "CBM 169 Extra"]
[Source "ChessBase"]
[SourceDate "2015.12.18"]
[SourceVersion "1"]
[SourceVersionDate "2015.12.18"]
[SourceQuality "1"]
[WhiteTeam "White Rose"]
[BlackTeam "South Wales Dragons"]
[WhiteTeamCountry "ENG"]
[BlackTeamCountry "ENG"]

1. e4 d5 2. exd5 Qxd5 3. Nc3 Qa5 4. d4 Nf6 5. Nf3 Bg4 6. h3 Bh5 7. g4 Bg6 8. Ne5 Nbd7 9. Nc4 Qa6 10. Bf4 Qe6+ 11. Ne3 Qb6 12. Nc4 Qe6+ 13. Ne3 Qb6 14. Bg2 0-0-0 15. 0-0 e6 16. Qe2 Nb8 17. d5 Nxd5 18. Nexd5 exd5 19. Nxd5 Qa6 20. c4 Bd6 21. Bxd6 Rxd6 22. Ne7+ Kd8 23. Nxg6 hxg6 24. Rfe1 Nc6 25. b4 Nxb4 26. Qe7+ Kc8 27. Rab1 Nc6 28. Qxf7 Rhd8 29. c5 Rd2 30. Qe6+ R8d7 31. Qxg6 Qxa2 32. Bxc6 bxc6 33. Qxc6 Re7 34. Qa8+ Kd7 35. c6+ Kd6 36. Qd8+ 1-0

[Event "BCF-chT1b 1516 (4NCL)"]
[Site "England"]
[Date "2015.11.14"]
[Round "1.166"]
[White "Gantner, Matthias"]
[Black "Duncan, Christopher R"]
[Result "1-0"]
[WhiteElo "2255"]
[BlackElo "2310"]
[PlyCount "53"]
[EventDate "2015.11.14"]
[EventType "team-swiss"]
[EventRounds "11"]
[EventCountry "ENG"]
[SourceTitle "CBM 169 Extra"]
[Source "ChessBase"]
[SourceDate "2015.12.18"]
[SourceVersion "1"]
[SourceVersionDate "2015.12.18"]
[SourceQuality "1"]
[WhiteTeam "White Rose"]
[BlackTeam "Blackthorne Russia"]
[WhiteTeamCountry "ENG"]
[BlackTeamCountry "ENG"]

1. e4 c6 2. d4 d5 3. f3 e6 4. Be3 dxe4 5. Nd2 exf3 6. Qxf3 Nf6 7. Bc4 Nbd7 8. 0-0-0 Nb6 9. Bb3 a5 10. a3 Be7 11. g4 0-0 12. c4 e5 13. dxe5 Bxg4 14. Qf2 Bxd1 15. exf6 Bxb3 16. fxe7 Qxe7 17. Bxb6 Qe6 18. Ngf3 a4 19. Rg1 Qf5 20. Nxb3 axb3 21. Ne5 Qe6 22. Qg3 g6 23. Bd4 Rad8 24. Qc3 Qf5 25. Ng4 Qc2+ 26. Qxc2 bxc2 27. Nh6# 1-0

[Event "BCF-chT2c 1415 (4NCL)"]
[Site "England"]
[Date "2015.05.03"]
[Round "10.241"]
[White "Martin, Andrew D"]
[Black "Gantner, Matthias"]
[Result "1/2-1/2"]
[WhiteElo "2377"]
[BlackElo "2282"]
[PlyCount "39"]
[EventDate "2015.03.29"]
[EventType "team-tourn"]
[EventRounds "11"]
[EventCountry "ENG"]
[SourceTitle "EXT 2016"]
[Source "ChessBase"]
[SourceDate "2015.10.08"]
[SourceVersion "1"]
[SourceVersionDate "2015.10.08"]
[SourceQuality "1"]
[WhiteTeam "Guildford III"]
[BlackTeam "White Rose II"]
[WhiteTeamCountry "ENG"]
[BlackTeamCountry "ENG"]

1. g3 e5 2. Bg2 Nf6 3. d3 Bc5 4. Nf3 d6 5. c4 0-0 6. Nc3 c6 7. 0-0 Bg4 8. Bg5 h6 9. Bxf6 Qxf6 10. Ne4 Qe7 11. Nxc5 dxc5 12. Qb3 a5 13. Ne1 Qc7 14. Qc3 Nd7 15. h3 Bf5 16. e3 Bg6 17. Rd1 Rad8 18. a3 a4 19. d4 exd4 20. exd4 1/2-1/2